header

Reproductive health in the Middle East and North Africa (Record no. 5161)

MARC details
000 -LEADER
fixed length control field 01550nam a22003734a 4500
001 - CONTROL NUMBER
control field ebr5007384
003 - CONTROL NUMBER IDENTIFIER
control field CaPaEBR
006 - FIXED-LENGTH DATA ELEMENTS--ADDITIONAL MATERIAL CHARACTERISTICS--GENERAL INFORMATION
fixed length control field m u
007 - PHYSICAL DESCRIPTION FIXED FIELD--GENERAL INFORMATION
fixed length control field cr cn|||||||||
008 - FIXED-LENGTH DATA ELEMENTS--GENERAL INFORMATION
fixed length control field 010131s2001 dcua sb 001 0 eng
010 ## - LIBRARY OF CONGRESS CONTROL NUMBER
Canceled/invalid LC control number 2001017740
020 ## - INTERNATIONAL STANDARD BOOK NUMBER
Cancelled/invalid ISBN 0821349201
040 ## - CATALOGING SOURCE
Original cataloging agency CaPaEBR
Transcribing agency CaPaEBR
035 ## - SYSTEM CONTROL NUMBER
System control number (OCoLC)559299575
050 14 - LIBRARY OF CONGRESS CALL NUMBER
Classification number RG103
Item number .A665 2001eb
082 04 - DEWEY DECIMAL CLASSIFICATION NUMBER
Classification number 362.1/982/00956
Edition number 21
100 1# - MAIN ENTRY--PERSONAL NAME
Personal name Aoyama, Atsuko,
Dates associated with a name 1954-
245 10 - TITLE STATEMENT
Title Reproductive health in the Middle East and North Africa
Medium [electronic resource] :
Remainder of title well-being /
Statement of responsibility, etc Atsuko Aoyama.
260 ## - PUBLICATION, DISTRIBUTION, ETC. (IMPRINT)
Place of publication, distribution, etc Washington, DC :
Name of publisher, distributor, etc World Bank,
Date of publication, distribution, etc c2001.
300 ## - PHYSICAL DESCRIPTION
Extent xxiv, 146 p. :
Other physical details ill.
490 1# - SERIES STATEMENT
Series statement Health, nutrition, and population series
504 ## - BIBLIOGRAPHY, ETC. NOTE
Bibliography, etc Includes bibliographical references (p. [129]-146) and index.
533 ## - REPRODUCTION NOTE
Type of reproduction Electronic reproduction.
Place of reproduction Palo Alto, Calif. :
Agency responsible for reproduction ebrary,
Date of reproduction 2013.
Note about reproduction Available via World Wide Web.
-- Access may be limited to ebrary affiliated libraries.
650 #0 - SUBJECT ADDED ENTRY--TOPICAL TERM
Topical term or geographic name as entry element Reproductive health
Geographic subdivision Middle East.
Topical term or geographic name as entry element Reproductive health
Geographic subdivision Africa, North.
Topical term or geographic name as entry element Maternal health services
Geographic subdivision Middle East.
Topical term or geographic name as entry element Maternal health services
Geographic subdivision Africa, North.
Topical term or geographic name as entry element Women
General subdivision Health and hygiene
Geographic subdivision Middle East.
Topical term or geographic name as entry element Women
General subdivision Health and hygiene
Geographic subdivision Africa, North.
655 #7 - INDEX TERM--GENRE/FORM
Genre/form data or focus term Electronic books.
Source of term local
710 2# - ADDED ENTRY--CORPORATE NAME
Corporate name or jurisdiction name as entry element ebrary, Inc.
830 #0 - SERIES ADDED ENTRY--UNIFORM TITLE
Uniform title Health, nutrition, and population series.
856 40 - ELECTRONIC LOCATION AND ACCESS
Uniform Resource Identifier <a href="http://site.ebrary.com/lib/rucke/Doc?id=5007384">http://site.ebrary.com/lib/rucke/Doc?id=5007384</a>
Public note An electronic book accessible through the World Wide Web; click to view

No items available.

© 2026 Rongo University
Contact us: librarian | system librarian | Rongo university